El contrato de distribucin̤

Detalles Bibliográficos
Autor principal: Castagnino, Diego Thoms̀
Formato: eBook
Lenguaje:español
Publicado: Caracas: Revista Venezolana de Legislacin̤ y Jurisprudencia, 2018
Materias:
Acceso en línea:Acceso restringido

MARC

LEADER 00000nam a22000007a 4500
005 20190813232411.0
007 cr|||| ||||
008 190813s2018 ve |||||s|||| 00||0 spa d
020 |a 978-980-7561-06-8 
035 |a 24025 
040 |a vLex 
090 |c 9180  |d 9180 
100 1 |a Castagnino, Diego Thoms̀ 
245 1 2 |a El contrato de distribucin̤  |h [Recurso electrn̤ico] /  |c Diego Thoms̀ Castagnino 
256 |a Servicio en ln̕ea 
260 |a Caracas:  |b Revista Venezolana de Legislacin̤ y Jurisprudencia,  |c 2018 
300 |a 1 recurso electrn̤ico 
506 1 |a Disponible solo en los productos indicados  |d vLex Global  |d vLex Global (Academic Edition, excluding Law Schools)  |d vLex Global (U.S. Academic Edition, Law Schools)  |d vLex Global (U.S. Academic Edition, excluding Law Schools)  |d vLex Global (Academic Edition, Law Schools) 
650 0 4 |a Contratos Mercantiles  |z Venezuela 
740 0 |a vLex Libros (Servicio en ln̕ea) 
856 4 0 |u http://vlex.com/source/contrato-distribucion-24025  |z Acceso restringido 
942 |c BOOK 
999 0 |a Commercial Contracts